00531 a2200157 4500082001700000110009100017245005800108260007400166300001700240504002800257650001800285650001400303650001800317650001300335653002500348 a371.3bAm35i aAmerican Association of School AdministratorsbCommittee on Technology and Instruction aInstructional technology and the school administrator aWashington, D.C.bAmerican Association of School Administratorsc1970 a146p. illus. aIncludes bibliographies aTeaching aids aComputers aAdministrator aLearning aElementary education